Normal view
MARC view
- Waters, T. Frederick
Entry Personal Name
001 - CONTROL NUMBER
- control field: 86683
003 - CONTROL NUMBER IDENTIFIER
- control field: NUST
005 - DATE AND TIME OF LATEST TRANSACTION
- control field: 20211215155807.0
008 - FIXED-LENGTH DATA ELEMENTS
- fixed length control field: 211215|| aca||aabn | a|a d
040 ## - CATALOGING SOURCE
- Original cataloging agency: NUST
- Transcribing agency: NUST
100 ## - HEADING--PERSONAL NAME
- Personal name: Waters, T. Frederick
670 ## - SOURCE DATA FOUND
- Source citation: Work cat.: (NUST)32793: Waters, T. Frederick., Fundamentals of manufacturing for engineers /, 1996.
